| 000 | 00739nam a22001577a 4500 | ||
|---|---|---|---|
| 003 | OSt | ||
| 005 | 20150925125407.0 | ||
| 008 | 150925b xxu||||| |||| 00| 0 eng d | ||
| 040 | _cRUA | ||
| 082 | _aAGR LEN 2013 BO55 Or.1 | ||
| 100 |
_91320 _aLENG, DARAOUDOM |
||
| 245 | _aRobber smallholders' adoption of good agriculture practices in chamkar leu district, kampong cham province ការទួលការយកការអនុវត្តការងារកសិកម្មល្អរបស់កសិករកៅស៊ូគ្រួសារក្នុងស្រុកចំការលើ ខេត្តកំពង់ចាម . | ||
| 260 |
_aphnom phen _bRUA _c2013 |
||
| 300 |
_aX,66p. _bill. _c29cm. |
||
| 942 |
_2ddc _cAGR |
||
| 999 |
_c1245 _d1245 |
||